| 000 | 00419cam a22001337a 4500 | ||
|---|---|---|---|
| 008 | 180718b1956 xxu||||| |||| 00| 0 eng d | ||
| 082 | _aAB7 Si13d | ||
| 100 | _aSiddiqi, M. Mazheruddin | ||
| 245 |
_aDevelopment of Islamic and society _cby M Mazheruddin Siddiqi |
||
| 260 |
_aLahore _bInstitute Of Islamic Culture _c1956 |
||
| 300 | _aviii, 413p | ||
| 650 | _aIslamic countries -History | ||
| 650 | _aCivilization, Islamic | ||
| 999 |
_c416872 _d416872 |
||